00841nam a2200229 a 4500001001000000003000500010005001700015008004100032010001100073011001100084040000900095100002700104245013300131260003600264500006000300502009000360650002400450650002400474650002700498856001600525856007000541000114083CHAP20220329144426.0171026s2017 mx sm |||||||spa d a110544 a111516 cCHAP1 aBahena Pineda, Maribel10aProducción del hongo seta (Pleurotus ostreatus Jacq.) en cuatro diferentes sustratosh[En línea]cpor Maribel Bahena Pineda. aCocula Gro. :bEl autor,c2017. aPara ver el contenido del material haga clic en la liga aTesis (Ing. Agr. Fitotecnista) -- Colegio Superior Agropecuario del Estado de Gerrero14aHongos comestibles.14aSetasxRendimiento.14aSustratos orgánicos. a1 n0000698 aFinding aiduhttp://10.13.5.2/tesis/sist114083.pdfzTeclea aquí